000 00296nam a22001337a 4500
008 171123b xxu||||| |||| 00| 0 eng d
020 _a9780321749000
041 _aeng
080 _210TH
_a51
100 _a37
101 _aMAT
245 _aCALCULUS WITH APPLICATIONS
_cLIAL,
942 _2udc
_cBK
999 _c38309
_d38309